Balance y perspectivas del Tribunal Internacional de Justicia (Record no. 69280)

MARC details
000 -LEADER
campo de control de longitud fija 00759nam a2200193 i 4500
001 - NÚMERO DE CONTROL
campo de control 69280
003 - IDENTIFICADOR DE NÚMERO DE CONTROL
campo de control ES-MaACL
005 - FECHA Y HORA DE LA ÚLTIMA TRANSACCIÓN
campo de control 20260127062530.0
007 - CAMPO FIJO DE DESCRIPCIÓN FÍSICA--INFORMACIÓN GENERAL
campo de control de longitud fija t|
008 - DATOS DE LONGITUD FIJA--INFORMACIÓN GENERAL
campo de control de longitud fija 040702s1972 sp ||||1| spa d
100 1# - ENTRADA PRINCIPAL--NOMBRE DE PERSONA
Nombre de persona García Arias, Luis.
9 (RLIN) 54185
245 10 - MENCIÓN DEL TÍTULO
Título Balance y perspectivas del Tribunal Internacional de Justicia
Resto del título : discurso 24 enero 1972, en su recepción /
Mención de responsabilidad, etc. por Luis García Arias y contestación José Yanguas Messía.
260 ## - PUBLICACIÓN, DISTRIBUCIÓN, ETC.
Lugar de publicación, distribución, etc. Madrid :
Nombre del editor, distribuidor, etc. Real Academia de Jurisprudencia y Legislación,
Fecha de publicación, distribución, etc. 1972.
300 ## - DESCRIPCIÓN FÍSICA
Extensión 93 p. ;
Dimensiones 24 cm.
700 1# - ENTRADA AGREGADA--NOMBRE PERSONAL
Nombre de persona Yanguas Messía, José de,
Fechas asociadas al nombre 1890-1974
9 (RLIN) 117556
700 ## - ENTRADA AGREGADA--NOMBRE PERSONAL
Nombre de persona Real Academia de Jurisprudencia y Legislación de España
9 (RLIN) 217612
852 ## - LOCALIZACIÓN
Ubicación ES-MaACL
Número de control de estantería C-41070
Sublocalización o colección R.80329
Holdings
Estatus retirado Estado de pérdida Estado de daño No para préstamo Biblioteca de origen Biblioteca actual Ubicación en estantería Fecha de adquisición Fuente de adquisición Total de préstamos Signatura topográfica completa Código de barras Visto por última vez Precio de reemplazo Tipo de ítem Koha
        Biblioteca del Ateneo de Madrid Biblioteca del Ateneo de Madrid Depósito 2 17/01/2008     C-41070 1072549 23/02/2023 23/02/2023 Libro impreso